| Tag |
First Indicator |
Second Indicator |
Subfields |
| LEADER |
00000cam a2200000 a 4500 |
| 001 |
in00001182607 |
| 005 |
20151002050722.0 |
| 008 |
920515s1992 nyua b 001 0 eng |
| 010 |
|
|
|a 92018386
|
| 020 |
|
|
|a 0029169917
|
| 035 |
|
|
|a (OCoLC)26013126
|
| 035 |
|
|
|9 AGG9555AM
|
| 040 |
|
|
|a DLC
|c DLC
|d UtOrBLW
|
| 049 |
|
|
|a TXAM
|
| 050 |
0 |
0 |
|a HD58.8
|b .C43 1992
|
| 082 |
0 |
0 |
|a 658.4/06
|2 20
|
| 090 |
|
|
|a HD58.8
|b .C435 1992
|
| 245 |
0 |
4 |
|a The Challenge of organizational change :
|b how companies experience it and leaders guide it /
|c [compiled by] Rosabeth Moss Kanter, Barry A. Stein, Todd D. Jick.
|
| 264 |
|
1 |
|a New York :
|b Free Press ;
|a Toronto :
|b Maxwell Macmillan Canada ;
|a New York :
|b Maxwell Macmillan International,
|c [1992]
|
| 264 |
|
4 |
|c ©1992
|
| 300 |
|
|
|a xix, 535 pages :
|b illustrations ;
|c 25 cm.
|
| 336 |
|
|
|a text
|b txt
|2 rdacontent
|
| 337 |
|
|
|a unmediated
|b n
|2 rdamedia
|
| 338 |
|
|
|a volume
|b nc
|2 rdacarrier
|
| 536 |
|
|
|a Don and Lois Hellriegel Collection.
|
| 504 |
|
|
|a Includes bibliographical references and index.
|
| 650 |
|
0 |
|a Organizational change.
|
| 700 |
1 |
|
|a Kanter, Rosabeth Moss.
|
| 700 |
1 |
|
|a Stein, Barry E.
|
| 700 |
1 |
|
|a Jick, Todd,
|d 1949-
|
| 999 |
|
|
|a MARS
|
| 999 |
f |
f |
|s c9f4f3f8-1f39-31e5-a6e5-44accd080186
|i 823bc973-46de-3d15-9c21-badc989bbc07
|t 0
|
| 952 |
f |
f |
|p ric
|a Texas A&M University
|b Rellis Campus
|c Joint Library Facility
|d Remote Storage
|t 0
|e HD58.8 .C435 1992
|h Library of Congress classification
|i unmediated -- volume
|m A14818357044
|
| 998 |
f |
f |
|a HD58.8 .C435 1992
|t 0
|l Remote Storage
|